[Event "Corus Reserve Gp"]
[Site "Wijk aan Zee NED"]
[Date "2001.01.20"]
[Round "4"]
[White "Hartoch,R"]
[Black "Oosterom,E"]
[Result "1/2-1/2"]
[WhiteElo "2319"]
[BlackElo "2199"]

1.Nf3 d5 2.g3 c6 3.Bg2 Bg4 4.O-O Nd7 5.d3 Ngf6 6.Qe1 e5 7.e4 dxe4 8.dxe4 Be7
9.Nbd2 Qc7 10.h3 Bh5 11.Nh4 O-O 12.Nf5 Rfe8 13.Nxe7+ Rxe7 14.b3 Rd8 15.Ba3 Ree8
16.Nc4 Nf8 17.Bxf8 Rxf8 18.a4 Rd4 19.c3 Rd3 20.Nb2 Rd7 21.Qe3 b6 22.f3 Bg6
23.Rfd1 Rxd1+ 24.Rxd1 Rd8 25.Rxd8+ Qxd8 26.Bf1 Qe7 27.b4 Nd7 28.Bc4 Qd6 29.Qd3 Qxd3
30.Nxd3 Kf8  1/2-1/2

[Event "Belgian Interteams 2000-1"]
[Site "BEL"]
[Date "2001.01.21"]
[Round "7"]
[White "Kern,G"]
[Black "Groffen,H"]
[Result "1-0"]
[WhiteElo "2345"]
[BlackElo "2224"]

1.Nf3 d5 2.g3 c6 3.Bg2 Nf6 4.c4 Bg4 5.Ne5 Bh5 6.cxd5 cxd5 7.Nc3 e6 8.g4 Bg6
9.h4 h5 10.g5 Nfd7 11.Nxg6 fxg6 12.Qc2 Kf7 13.Nxd5 Nc6 14.Nf4 Nde5 15.Bxc6 bxc6
16.Qe4 Qa5 17.Kf1 Bd6 18.d4  1-0

[Event "Tch-AUT 2000-01"]
[Site "Graz AUT"]
[Date "2001.01.21"]
[Round "8"]
[White "Postl,A"]
[Black "Wiedner,R"]
[Result "1-0"]
[WhiteElo "2278"]
[BlackElo "2235"]

1.Nf3 d5 2.g3 g6 3.Bg2 Bg7 4.O-O e5 5.d3 Ne7 6.Nbd2 f5 7.c4 c6 8.Rb1 O-O
9.b4 d4 10.a4 h6 11.b5 c5 12.Ba3 Nd7 13.Nb3 Qc7 14.a5 Rb8 15.b6 axb6 16.axb6 Qd6
17.Nxc5 Nxc5 18.Rb5 Bd7 19.Rxc5 Rfe8 20.Qb3 Qe6 21.Nd2 Kh7 22.Rc7 e4 23.dxe4 Nc6
24.exf5 Qxf5 25.Ne4 Rxe4 26.Bxe4 Qxe4 27.Rxd7 Ne5 28.Re7 Qxe2 29.Bd6  1-0

[Event "ch-POL Boys U16"]
[Site "Zakopane POL"]
[Date "2001.01.22"]
[Round "7"]
[White "Fudalej,G"]
[Black "Jamroz,G"]
[Result "1/2-1/2"]
[WhiteElo "2035"]
[BlackElo "2045"]

1.Nf3 d5 2.g3 Nc6 3.Bg2 e5 4.d3 Nf6 5.O-O Be6 6.Nbd2 Qd7 7.Re1 Bd6 8.e4 d4
9.Nc4 h6 10.Nxd6+ cxd6 11.c4 dxc3 12.bxc3 O-O 13.d4 Bg4 14.Ba3 Rfd8 15.Qd3 Qc7
16.h3 Bd7 17.Rab1 Be8 18.Rec1 Rac8 19.Qe3 a6 20.Bf1 Qa5 21.Rb3 Qc7 22.Nd2 b5
23.dxe5 dxe5 24.c4 Qa5 25.cxb5 Nd4 26.Nc4 Rxc4 27.Bxc4  1/2-1/2

[Event "Corus B"]
[Site "Wijk aan Zee NED"]
[Date "2001.01.25"]
[Round "8"]
[White "Visser,Y"]
[Black "Luther,T"]
[Result "0-1"]
[WhiteElo "2442"]
[BlackElo "2544"]

1.Nf3 d5 2.g3 c6 3.Bg2 Bg4 4.d3 Nd7 5.O-O Ngf6 6.Qe1 e5 7.h3 Bxf3 8.Bxf3 e4
9.Bg2 Bc5 10.c4 O-O 11.cxd5 cxd5 12.Nc3 Re8 13.dxe4 d4 14.Nd5 Nxe4 15.Bf4 Rc8
16.Qb1 f5 17.b4 Bb6 18.Qb3 Kh8 19.Rac1 Rc6 20.a4 g5 21.Bxe4 gxf4 22.Bxf5 fxg3
23.Rxc6 bxc6 24.Nxb6 axb6 25.Qf7 Re7 26.Qh5 gxf2+ 27.Rxf2 Nf6 28.Qh4 Qd6
29.Bg4 Nxg4 30.hxg4 Rg7 31.Qh5 d3 32.exd3 Qg3+ 33.Rg2 Qe3+ 34.Kh2 Qf4+ 35.Kg1 Re7
36.Rf2 Qg3+ 37.Kf1 Qxd3+ 38.Kg2 Qe4+  0-1

[Event "Open"]
[Site "Ubeda ESP"]
[Date "2001.01.26"]
[Round "6"]
[White "Yandemirov,V"]
[Black "Najer,E"]
[Result "1/2-1/2"]
[WhiteElo "2494"]
[BlackElo "2616"]

1.Nf3 d5 2.g3 Bg4 3.Bg2 Nd7 4.d4 c6 5.O-O Ngf6 6.Nbd2 e6 7.Re1 Be7 8.e4 dxe4
9.Nxe4 Nxe4 10.Rxe4 Bh5 11.c3 O-O 12.Qb3 Qb6 13.Ne5 Nxe5 14.Rxe5 Bg6 15.Re1 Rfd8
16.Be3  1/2-1/2

[Event "Open"]
[Site "Ubeda ESP"]
[Date "2001.01.28"]
[Round "8"]
[White "Anastasian,A"]
[Black "Riazantsev,A"]
[Result "1/2-1/2"]
[WhiteElo "2548"]
[BlackElo "2485"]

1.Nf3 d5 2.g3 Nf6 3.Bg2 Bf5 4.O-O e6 5.d3 h6 6.Nbd2 Be7 7.b3 O-O 8.Bb2 Nbd7
9.Qe1 Bh7 10.e4 dxe4 11.dxe4 c6 12.Qe2 Qc7 13.e5 Nd5 14.Ne4 Nc5 15.Nfd2 Rfd8
16.a3 a5 17.h4 Nb6 18.Rad1 Nbd7 19.f4 Nxe4 20.Nxe4 Bxe4 21.Bxe4 Nc5 22.Bf3 Na4
23.Bc1 Nc3 24.Rxd8+ Rxd8 25.Qe1 Nb5 26.a4 Bb4 27.Qf2 Nc3 28.h5 b5 29.Be3 Nd5
30.Bc5 bxa4 31.bxa4 Rb8 32.Rd1 Qb7 33.Bd4 Bc3 34.Ba7 Rc8 35.Bc5 Qb2 36.Qe2 Bb4
37.Bf2 Nc3 38.Qa6 Rf8 39.Rd7 Qxc2 40.Qxc6 Qxa4  1/2-1/2

[Event "Open"]
[Site "Ubeda ESP"]
[Date "2001.01.28"]
[Round "8"]
[White "Minasian,Art"]
[Black "Burmakin,V"]
[Result "1/2-1/2"]
[WhiteElo "2567"]
[BlackElo "2493"]

1.Nf3 d5 2.g3 g6 3.c4 c6 4.Qa4 dxc4 5.Qxc4 Bg7 6.Nc3 Nd7 7.Bg2 Nb6 8.Qb3 e5
9.d3 Qe7 10.Be3 Be6 11.Qc2 Nd5 12.Nxd5 Bxd5 13.Bc5 Qc7 14.O-O Ne7 15.Qc3 Bxf3
16.Bxf3 O-O 17.Qa3 Rfe8 18.Rac1 Qd7 19.Rc4 Nd5 20.Ra4 Nc7 21.Qb3 Ne6 22.Qa3 Nxc5
23.Qxc5 Bf8 24.Qc2 a5  1/2-1/2

[Event "It"]
[Site "Bajmok YUG"]
[Date "2001.01.29"]
[Round "4"]
[White "Petre,NT"]
[Black "Tokovic,S"]
[Result "1/2-1/2"]
[WhiteElo "2327"]
[BlackElo "2318"]

1.Nf3 d5 2.g3 c6 3.Bg2 Bg4 4.O-O Nd7 5.d4 Ngf6 6.b3 e6 7.c4 Bd6 8.Bb2 O-O
9.Nbd2 Bxf3 10.Bxf3 Qe7 11.e4 dxe4 12.Nxe4 Nxe4 13.Bxe4 Nf6 14.Bg2 Ba3 15.Qc1 Bxb2
16.Qxb2 Rfd8 17.b4 Rab8 18.Rac1 Qd6 19.Rfd1 b5 20.a3 Rdc8 21.Qe2 a6 22.Qe5 Qd8
23.Bf3 a5 24.bxa5 bxc4 25.Rxc4 Rb5 26.Qe2 Rxa5 27.a4 Nd5 28.Rdc1 Nb6 29.Rxc6 Rxa4
30.Rxc8 Nxc8 31.Qc2 Nb6 32.Rb1 Rxd4 33.Qb2 Rd6 34.Kg2 g6 35.h4 h5 36.Ra1 Qc7
37.Rc1 Qd8 38.Ra1 Qb8 39.Qe5 Rd8 40.Qg5 Qd6 41.Rd1 Nd5 42.Bxh5 Kg7 43.Bf3 f6
44.Qc1 Qe5 45.Qc6 Qd6 46.Qb7+ Rd7 47.Qb1 Qe5 48.Re1 Qd6 49.Qe4 Nc7 50.Rd1 Qe7
51.h5 gxh5 52.Bxh5 Rxd1 53.Bxd1 Qc5 54.Qg4+ Qg5 55.Qa4 Qb5 56.Qa7 Qe5 57.Bf3  1/2-1/2

[Event "6th HIT Open"]
[Site "Nova Gorica SLO"]
[Date "2001.01.29"]
[Round "5"]
[White "Mikac,M"]
[Black "Krivec,J"]
[Result "1/2-1/2"]
[WhiteElo "2416"]
[BlackElo "2219"]

1.g3 d5 2.Nf3 c5 3.Bg2 Nf6 4.O-O Nc6 5.d4 cxd4 6.Nxd4 e5 7.Nxc6 bxc6 8.c4 Bb7
9.cxd5 cxd5 10.Bg5 Be7 11.Nc3 e4 12.Qa4+ Qd7 13.Qxd7+ Nxd7 14.Bxe7 Kxe7 15.Rfd1 Nb6
16.Rac1 Rhc8 17.Nb5 Rxc1 18.Rxc1 Rc8 19.Rxc8 Nxc8 20.Bh3 a6 21.Bxc8 Bxc8
22.Nd4 Kd6 23.b4 Bd7 24.Kf1 g5 25.Ke1 f5 26.Kd2 f4 27.e3 fxg3 28.fxg3 h5
29.Kc3 Ba4 30.Kb2 h4 31.Ka3 Bd1 32.b5 axb5 33.Kb4 Ba4 34.a3 hxg3 35.hxg3 g4
36.Ne2 Kc6 37.Nd4+ Kd6 38.Kc3 Kc5 39.Ne6+ Kc6 40.Nf4 Kc5 41.Ne2 Bd1 42.Nd4 Ba4
43.Nf5 Bd1 44.Nd4  1/2-1/2

[Event "6th HIT Open"]
[Site "Nova Gorica SLO"]
[Date "2001.01.30"]
[Round "6"]
[White "Mikac,M"]
[Black "Ulucan,T"]
[Result "1-0"]
[WhiteElo "2416"]
[BlackElo "2074"]

1.Nf3 d5 2.g3 Nf6 3.Bg2 e6 4.O-O Be7 5.c4 O-O 6.b3 c6 7.d3 Nbd7 8.Bb2 b5
9.Nbd2 Qb6 10.Qc2 Rd8 11.e4 Bb7 12.e5 Ng4 13.h3 Nh6 14.g4 Nf8 15.Bd4 c5 16.Be3 bxc4
17.bxc4 d4 18.Rab1 Qc7 19.Rxb7 Qxb7 20.Nxd4 Qd7 21.Nc6 Rac8 22.Nxd8 Rxd8
23.Be4 Ng6 24.f4 f5 25.exf6 Bxf6 26.Nb3 Bd4 27.Nxd4 cxd4 28.Bd2 Rb8 29.Rb1 Rf8
30.Rb7 Qd8 31.g5 Nf5 32.Qa4 Nd6 33.Rd7 Qb8 34.Qb4 Nxe4 35.Qxb8 Rxb8 36.dxe4 Rb2
37.Rxd4 Rxa2 38.c5 Rc2 39.c6 Rxc6 40.Rd8+ Kf7 41.Rd7+ Ke8 42.Rxg7 Rc2 43.f5 exf5
44.exf5 Nh4 45.Bb4 Rb2 46.Bc5 Nf3+ 47.Kf1 Rb5 48.Rg8+ Kf7 49.Rf8+ Kg7 50.f6+ Kg6
51.Rg8+  1-0

[Event "Open"]
[Site "Ubeda ESP"]
[Date "2001.01.30"]
[Round "10"]
[White "Anastasian,A"]
[Black "Kobalija,M"]
[Result "1-0"]
[WhiteElo "2548"]
[BlackElo "2581"]

1.Nf3 d5 2.g3 Nf6 3.Bg2 c6 4.O-O Bf5 5.d3 h6 6.Nbd2 e6 7.b3 Be7 8.Bb2 O-O
9.c4 a5 10.a3 Bh7 11.Qc2 Nbd7 12.Bc3 Bd6 13.Qb2 Qe7 14.Ne5 Nxe5 15.Bxe5 Bxe5
16.Qxe5 Rfd8 17.Rfc1 Ng4 18.Qc3 d4 19.Qb2 e5 20.b4 Nf6 21.c5 e4 22.dxe4 Nxe4
23.Nxe4 Bxe4 24.Bxe4 Qxe4 25.bxa5 Rxa5 26.Qxb7 Rb5 27.Qc7 Re8 28.a4 Rb2 29.a5 Qf5
30.Re1 d3 31.a6 Rexe2 32.Rxe2 dxe2 33.Re1 Qb1 34.Qa5 Qa2 35.Qd8+ Kh7 36.Qd3+ g6
37.Kg2 Rd2 38.Qf3 Kg7 39.a7 Kg8 40.Rxe2 Rxe2 41.Qxe2 Qxe2 42.a8=Q+ Kg7 43.Qxc6 Qc4
44.h3 h5 45.h4 Qd4 46.Qb5 Qd5+ 47.f3 Qd2+ 48.Kf1 Qd1+ 49.Kf2 Qd4+ 50.Ke2 Qe5+
51.Kd3 Qxg3 52.c6 Qxf3+ 53.Kc2 Qe4+ 54.Kb2 Qd4+ 55.Kb3 Qe3+ 56.Ka4 Qd4+ 57.Ka5 Qa7+
58.Kb4 Qd4+ 59.Qc4 Qb6+ 60.Ka4 Qa7+ 61.Kb5 Qb8+ 62.Kc5 g5 63.Qd4+ Kg8 64.Qd6 Qb3
65.c7 Qa3+ 66.Kc6 Qa6+ 67.Kd7 Qa7 68.Ke8 Qa4+ 69.Qd7 Qe4+ 70.Kd8 g4 71.Qe8+  1-0

[Event "TCh-FRA"]
[Site "Monaco FRA"]
[Date "2001.02.02"]
[Round "1"]
[White "Anic,D"]
[Black "Brochet,P"]
[Result "0-1"]
[WhiteElo "2469"]
[BlackElo "2369"]

1.Nf3 d5 2.g3 Nc6 3.d4 Bf5 4.c4 e5 5.Nxe5 Nxe5 6.dxe5 dxc4 7.Qa4+ c6 8.Qxc4 Qa5+
9.Nc3 Qxe5 10.Bg2 Qe6 11.Qa4 Nf6 12.Bg5 Be7 13.O-O Bh3 14.Rad1 Bxg2 15.Kxg2 O-O
16.Rd3 Qf5 17.Bf4 Rfd8 18.Rfd1 h5 19.Rxd8+ Bxd8 20.e4 Qe6 21.Rd6 Qe7 22.e5 Ng4
23.Qd1 Bb6 24.Ne4 Re8 25.h3 Nxe5 26.Qxh5 Ng6 27.Ng5 Qe2 28.Qxe2 Nxf4+ 29.gxf4 Rxe2
30.Rd7 f6 31.Nf3 Rxf2+ 32.Kg3 Rxb2 33.Kg4 Be3 34.Nh4 Bxf4 35.Kxf4 g5+ 36.Kf5 gxh4
37.Kxf6 a5 38.a4 Rb4 39.Rd8+ Kh7 40.Rd7+ Kh6 41.Kf5 b5 42.axb5 cxb5 43.Ra7 a4
44.Ra6+ Kg7 45.Ra7+ Kf8 46.Kf6 Rf4+ 47.Kg5 Rc4 48.Ra5 Rb4 49.Kf6 Ke8 50.Ke6 Re4+
51.Kd5 Re3 52.Rxb5 Rxh3 53.Rb4 a3 54.Ra4 Rd3+ 55.Ke4 Rb3  0-1

[Event "TCh-FRA"]
[Site "Monaco FRA"]
[Date "2001.02.03"]
[Round "2"]
[White "Anic,D"]
[Black "Marciano,D"]
[Result "1/2-1/2"]
[WhiteElo "2469"]
[BlackElo "2506"]

1.Nf3 d5 2.g3 Bg4 3.Bg2 Nd7 4.d3 c6 5.Nbd2 Ngf6 6.h3 Bh5 7.O-O e5 8.e4 Bd6
9.Qe1 O-O 10.Nh4 Re8 11.Nf5 Bf8 12.Nb3 a5 13.a4 Nc5 14.Nxc5 Bxc5 15.Bg5 Bg6
16.Ne3 dxe4 17.dxe4 h6 18.Rd1 Qe7 19.Bh4 Qe6 20.Bxf6 Qxf6 21.Rd7 Re7 22.Ng4 Qe6
23.Rxe7 Qxe7 24.Qe2 Rd8 25.Rd1 Rxd1+ 26.Qxd1 Qd6 27.Qxd6 Bxd6 28.Ne3 Kf8
29.Kf1 f6 30.Ke2 Bf7 31.h4 Bc5 32.Bh3 Bxe3 33.Kxe3 Ke7 34.Bc8 b6 35.Bg4 Kd6
36.Kd2 Kc5 37.Bd7 Bc4 38.Kc3 Ba6 39.Be8 b5 40.b3 Bb7 41.Bf7 Bc8 42.Be8 Ba6
43.Bd7 Bb7 44.Be6 b4+ 45.Kd3 Ba6+ 46.Ke3 Kd6 47.Bf7 c5 48.Bc4  1/2-1/2

[Event "TCh-FRA"]
[Site "Monaco FRA"]
[Date "2001.02.03"]
[Round "2"]
[White "Delchev,A"]
[Black "Mellado Trivino,J"]
[Result "1/2-1/2"]
[WhiteElo "2587"]
[BlackElo "2460"]

1.Nf3 d5 2.g3 Nc6 3.Bg2 e5 4.d3 Nf6 5.O-O h6 6.c4 d4 7.b4 Nxb4 8.Nxe5 Bd6
9.Qa4+ Nd7 10.Bf4 Na6 11.Nxd7 Qxd7 12.Qxd7+ Kxd7 13.Bxd6 Kxd6 14.Na3 Rd8
15.c5+ Nxc5 16.Nb5+ Ke7 17.Rfc1 Ne6 18.Nxc7 Rb8 19.Rab1 b6 20.Nb5 a6 21.Nc7 Rd6
22.Nd5+ Kd7 23.f4 f5 24.a4 b5 25.axb5 Rxb5 26.Rxb5 axb5 27.Nb4 Rb6 28.Nd5 Rb8
29.g4 g6 30.gxf5 gxf5 31.Rb1 Kd6 32.Kf2 Bd7 33.Bf3 Bc6 34.Nb4 Bd7 35.Nd5 Bc6
36.Nb4 Bd7 37.Nd5 Bc6  1/2-1/2

[Event "TCh-FRA"]
[Site "Noyon FRA"]
[Date "2001.02.03"]
[Round "2"]
[White "Solakian,J"]
[Black "Eliet,N"]
[Result "1/2-1/2"]
[WhiteElo "2300"]
[BlackElo "2398"]

1.Nf3 d5 2.g3 c6 3.Bg2 Bg4 4.O-O Nd7 5.d3 e6 6.Nbd2 Bd6 7.h3 Bh5 8.Qe1 Qb6
9.Kh1 Ne7 10.e4 h6 11.Nh2 g5 12.Ndf3 Bg6 13.e5 Bc7 14.b3 c5 15.Ng4 O-O-O
16.Bb2 Nc6 17.Nf6 Bf5 18.Nxd7 Rxd7 19.Nd2 Bb8 20.Qe2 Qc7 21.Rfe1 Rdd8 22.a3 h5
23.Kg1 g4 24.h4 Nd4 25.Qd1 a6 26.Rc1 Ba7 27.c3 Nc6 28.d4 Kb8 29.b4 c4 30.a4 Kc8
31.Ba3 b5 32.Nf1 Rdf8 33.Ra1 Bd3 34.Bc1 Kd7 35.Bf4 Qb7 36.Ne3 a5 37.axb5 Qxb5
38.bxa5 Nxa5 39.Qa4 Qxa4 40.Rxa4 Bb6 41.Rb4 Bd8 42.Ra1 Kc6 43.f3 gxf3 44.Bxf3 Bb6
45.Bd1 Ra8 46.Ba4+ Kc7 47.Bb5 Nc6 48.Rba4 Rxa4 49.Rxa4 Na7 50.Ba6 Ra8 51.g4 hxg4
52.Kf2 Nc6 53.Kg3 Ba5 54.Bb5 Kb6 55.Bxc6 Kxc6 56.h5 Kb5 57.Ra3 Rg8 58.h6 Bh7
59.Ng2 Bc2 60.Bd2 Bc7 61.Nf4 Kb6 62.Nh5 Bd8 63.Ra1 Bg6 64.Nf6 Bxf6 65.exf6 Bh7
66.Bf4 Kb7 67.Ra2 Ra8 68.Rxa8 Kxa8 69.Kxg4 Kb7 70.Bd6 Kc6 71.Bb4 Kd7  1/2-1/2

[Event "9th Aosta Valley"]
[Site "Saint Vincent ITA"]
[Date "2001.02.03"]
[Round "1"]
[White "Vezzani,S"]
[Black "Gleizerov,E"]
[Result "0-1"]
[WhiteElo "2230"]
[BlackElo "2586"]

1.Nf3 d5 2.g3 g6 3.Bg2 Bg7 4.O-O e5 5.d3 Ne7 6.Nbd2 O-O 7.e4 c5 8.exd5 Nxd5
9.Nc4 Nc6 10.Re1 Re8 11.c3 h6 12.a4 Bf5 13.Ne3 Be6 14.Nd2 Nxe3 15.Rxe3 Qd7
16.Ne4 b6 17.f3 Rad8 18.b3 f5 19.Nf2 e4 20.Bd2 exd3 21.Rxd3 Qf7 22.Rb1 Ne5
23.Rxd8 Rxd8 24.f4 Ng4 25.Qc2 Bd5 26.Nxg4 Bxg2 27.Kxg2 Qd5+ 28.Kg1 Qxd2 29.Qxd2 Rxd2
30.Ne3 Bxc3 31.Nc4 Re2 32.h3 Bd4+ 33.Kh1 Kf8 34.Rd1 Ke7 35.Rd2 Re1+ 36.Kg2 Rg1+
37.Kf3 Rb1 38.Rd3 Rf1+ 39.Ke2 Rf2+ 40.Ke1 Rh2 41.g4 Ke6 42.gxf5+ Kxf5 43.a5 Ke4
44.Rg3 Bf2+  0-1

[Event "It"]
[Site "Bajmok YUG"]
[Date "2001.02.04"]
[Round "10"]
[White "Kizov,A"]
[Black "Glavas,D"]
[Result "1-0"]
[WhiteElo "2363"]
[BlackElo "2336"]

1.Nf3 d5 2.g3 c6 3.Bg2 Bg4 4.O-O Nd7 5.d4 e6 6.Nbd2 f5 7.c4 Bd6 8.Qb3 Rb8
9.Re1 Qe7 10.Ne5 Nxe5 11.dxe5 Bxe5 12.cxd5 cxd5 13.e4 fxe4 14.Nxe4 dxe4 15.Qa4+ Qd7
16.Qxe4 Nf6 17.Qxe5 O-O 18.h3 Bf5 19.g4 Bg6 20.Qxe6+ Qxe6 21.Rxe6 Bf7 22.Re7 Nd5
23.Rxf7 Kxf7 24.Bxd5+ Kg6 25.Be4+ Kf7 26.Bf4 Rbe8 27.Bxb7 Re2 28.Be3 Rd8
29.Bf3 Rxb2 30.Bxa7 Rd3 31.Be3 Ke6 32.Be4 Ra3 33.Bxh7 Kf7 34.Bb1  1-0

[Event "TCh-FRA"]
[Site "Noyon FRA"]
[Date "2001.02.04"]
[Round "3"]
[White "Beikert,G"]
[Black "Chuchelov,V"]
[Result "0-1"]
[WhiteElo "2443"]
[BlackElo "2539"]

1.g3 d5 2.Nf3 Nf6 3.Bg2 c6 4.O-O Bg4 5.b3 Nbd7 6.Bb2 e6 7.d3 Bd6 8.Nbd2 O-O
9.h3 Bh5 10.e3 h6 11.g4 Bg6 12.Nh4 Bh7 13.f4 Bc5 14.Re1 Nh5 15.gxh5 Qxh4
16.Qg4 Qxg4 17.hxg4 f6 18.Bh3 Rae8 19.Kh1 Re7 20.Nf3 e5 21.f5 e4 22.Nd4 exd3
23.Ne6 dxc2 24.Nxf8 Kxf8 25.Rac1 Bxe3 26.Rxc2 Bc5 27.Rce2 Rxe2 28.Rxe2 Bg8
29.Bg2 Bd6 30.Bf3 Ne5 31.Kg2 Nd3 32.Rd2 Nxb2 33.Rxb2 Ke7 34.b4 Be5 35.Rb1 Kd6
36.a4 Bc3 37.Kf2 b6 38.Ke2 a5 39.bxa5 Bxa5 40.Kd3 Bf7 41.Rb2 Be8 42.Bd1 Bd7
43.Re2 c5 44.Re3 c4+ 45.Kd4 b5  0-1

[Event "TCh-FRA"]
[Site "Noyon FRA"]
[Date "2001.02.04"]
[Round "3"]
[White "Gouret,T"]
[Black "Cappon,J"]
[Result "1/2-1/2"]
[WhiteElo "2322"]
[BlackElo "2188"]

1.Nf3 d5 2.g3 Nf6 3.Bg2 c5 4.O-O Nc6 5.d3 e5 6.e4 dxe4 7.dxe4 Qxd1 8.Rxd1 Bg4
9.c3 Be7 10.Na3 O-O 11.h3 Bh5 12.Re1 Nd7 13.Nc4 Bg6 14.Nfd2 Rfd8 15.Ne3 Nb6
16.Nd5 Bd6 17.Nxb6 axb6 18.Nc4 Bc7 19.Be3 f6 20.Na3 Na7 21.f3 Bf7 22.Bf1 Kf8
23.Kf2 Ke7 24.Bc4 Bxc4 25.Nxc4 Nc6 26.Ke2 Ke6 27.Bf2 Rd7 28.Red1 Rxd1 29.Kxd1 Kd7
30.Kc2 Ne7 31.Rd1+ Kc6 32.a3 Rd8 33.Rxd8 Bxd8 34.b3 b5 35.Ne3 Nc8 36.c4 Nd6
37.Kd3 Ba5 38.f4 bxc4+ 39.Nxc4 Nxc4 40.Kxc4 b5+ 41.Kd3 Bb6 42.Be1 Bc7 43.f5 Bd6
44.Ba5 Be7 45.g4 h6 46.h4 Bf8 47.Kc3 Be7 48.Kd3 Bf8 49.Bd2 Be7 50.Kc2 Bd8
51.Bc3 Be7 52.Bd2 Bd8  1/2-1/2

[Event "TCh-FRA"]
[Site "Noyon FRA"]
[Date "2001.02.04"]
[Round "3"]
[White "Carlier,B"]
[Black "Rausis,I"]
[Result "1/2-1/2"]
[WhiteElo "2392"]
[BlackElo "2525"]

1.Nf3 d5 2.g3 Nf6 3.Bg2 e6 4.O-O Be7 5.c4 O-O 6.b3 b6 7.Bb2 Bb7 8.e3 Nbd7
9.cxd5 exd5 10.d4 Ne4 11.Nc3 f5 12.Rc1 c6 13.Ne1 Bd6 14.Nd3 Qe7 15.Re1 Rf6
16.Ne2 Rh6 17.f3 Ng5 18.Nef4 Re8 19.Qd2 Qf8 20.b4 Nf7 21.h4 Nf6 22.a3 Qe7
23.Kf2 Bb8 24.Ba1 Qd8 25.Bb2 Nd7 26.Qc2 Nd6 27.Ne5 Nxe5 28.dxe5 Nc4 29.Bd4 Rf8
30.Qc3 Qe7 31.Nd3 Rc8 32.Rb1 Ba8  1/2-1/2

[Event "12th Goodricke Open"]
[Site "Calcutta IND"]
[Date "2001.02.06"]
[Round "1"]
[White "Markowski,T"]
[Black "Prakash,G"]
[Result "0-1"]
[WhiteElo "2595"]
[BlackElo "2453"]

1.g3 d5 2.Nf3 c6 3.Bg2 Nf6 4.O-O Bf5 5.d3 e6 6.c4 dxc4 7.dxc4 Qxd1 8.Rxd1 Nbd7
9.Nc3 h6 10.Be3 Ng4 11.Bd4 e5 12.h3 exd4 13.Nxd4 Nxf2 14.Kxf2 Bg6 15.Nxc6 bxc6
16.Bxc6 O-O-O 17.Kg2 Be7 18.Be4 Bxe4+ 19.Nxe4 Nf6 20.Nc3 Rxd1 21.Rxd1 Bb4
22.Nb5 Re8 23.Kf3 Bc5 24.Rd3 Re6 25.Nd4 Re5 26.g4 g6 27.b4 Bxd4 28.Rxd4 Nd7
29.e4 Re6 30.b5 Kc7 31.a4 Nc5 32.a5 Nb3 33.Rd5 Nxa5 34.c5 Nc4 35.Rd4 Na3
36.Rb4 Re5 37.b6+ axb6 38.cxb6+ Kb7 39.Kf4 Rc5 40.e5 Nc4  0-1

[Event "12th Goodricke Open"]
[Site "Calcutta IND"]
[Date "2001.02.07"]
[Round "2"]
[White "Koneru,H"]
[Black "Murali Krishnan,B"]
[Result "1-0"]
[WhiteElo "2299"]
[BlackElo "2353"]

1.Nf3 d5 2.g3 Nf6 3.Bg2 c6 4.b3 Bg4 5.Bb2 Nbd7 6.d3 e6 7.Nbd2 a5 8.a3 Bd6
9.h3 Bh5 10.O-O O-O 11.Qe1 Re8 12.e4 e5 13.Nh4 Qc7 14.Rc1 dxe4 15.dxe4 b5
16.Nf5 Bc5 17.Nf3 Nf8 18.g4 Bg6 19.Rd1 N6d7 20.b4 axb4 21.axb4 Ba7 22.Qc3 Nb6
23.Nd6 Re7 24.Nxe5 Na4 25.Qb3 Nxb2 26.Qxb2 Ne6 27.Nxc6 Qxc6 28.e5 Qxc2 29.Qxc2 Bxc2
30.Bxa8 Bxd1 31.Rxd1 Bd4 32.Nf5 Rd7 33.Nxd4 Rxd4 34.Rxd4 Nxd4 35.Be4 g5 36.Kf1 h6
37.Ke1 Kf8 38.Kd2 Ke7 39.Ke3 Ne6 40.Bc6 Nc7 41.Kd4 Na6 42.Bxb5 Nxb4 43.Kc4 Nc2
44.Kc3 Ne1 45.Bc6  1-0

[Event "FSIMB February"]
[Site "Budapest HUN"]
[Date "2001.02.08"]
[Round "5"]
[White "Nemeth,Z"]
[Black "Puschmann,L"]
[Result "1-0"]
[WhiteElo "2319"]
[BlackElo "2291"]

1.Nf3 d5 2.g3 c6 3.Bg2 Bf5 4.d3 e6 5.Nbd2 Nf6 6.b3 h6 7.Bb2 Nbd7 8.O-O Bc5
9.e4 Bh7 10.e5 Ng8 11.a3 a5 12.Qe2 Ne7 13.c4 Ba7 14.b4 O-O 15.c5 b6 16.d4 Qc7
17.Rfc1 Qb7 18.Bc3 Bb8 19.Bf1 Bc7 20.Ne1 axb4 21.axb4 b5 22.Nd3 Rxa1 23.Rxa1 Ra8
24.Qd1 Rxa1 25.Qxa1 Bg6 26.Nb3 Bf5 27.f3 Nb8 28.Na5 Qc8 29.Bd2 Bh7 30.Nf2 Kh8
31.Kg2 Nf5 32.Bd3 Ne7 33.Bxh7 Kxh7 34.Qb1+ Kh8 35.g4 Bd8 36.h4 Qd7 37.h5 Ng8
38.f4 Ne7 39.Nd3 Ng8 40.Be1 Na6 41.Nb3 Nb8 42.Qa2 Qb7 43.Kh3 g6 44.hxg6 fxg6
45.Bg3 Ne7 46.Nd2 Qa6 47.Qxa6 Nxa6 48.Nf3 Kg7 49.Bh4 Nc7 50.Bf6+ Kf7 51.Nh4 Ne8
52.Bxe7 Bxe7 53.f5 Bxh4 54.fxg6+ Kxg6 55.Nf4+ Kf7 56.Kxh4 Nc7 57.Kh5 Kg7
58.Ng6 Na6 59.Nf4 Nc7 60.Nd3 Na6 61.Kh4 Kf7 62.Kg3 Nc7 63.Kh3 Na6 64.Kh4 Nc7
65.Kh5 Kg7 66.Nf4 Kh7 67.Ng6 Na6 68.Nf8+ Kg8 69.Nxe6 Nxb4 70.Nd8 Kg7 71.e6 Nd3
72.g5 Nf4+ 73.Kg4 Ng6 74.Nxc6 h5+ 75.Kxh5 Nf4+ 76.Kg4 Nxe6 77.Kf5 b4 78.Nxb4 Nxd4+
79.Ke5 Nf3+ 80.Kxd5 Nxg5 81.c6  1-0

[Event "12th Goodricke Open"]
[Site "Calcutta IND"]
[Date "2001.02.08"]
[Round "3"]
[White "Markowski,T"]
[Black "Sandipan,C"]
[Result "1/2-1/2"]
[WhiteElo "2595"]
[BlackElo "2431"]

1.g3 d5 2.Nf3 Nf6 3.Bg2 e6 4.c4 Be7 5.d4 O-O 6.O-O c6 7.Qc2 Nbd7 8.b3 b6
9.Bb2 Bb7 10.Nc3 Rc8 11.e4 dxe4 12.Nxe4 c5 13.Nxf6+ Bxf6 14.Ng5 Bxg5 15.Bxb7 Rc7
16.Bg2 cxd4 17.Bxd4 Bf6 18.Rad1 Qe7 19.Qe2 Rd8 20.Be3 Nc5 21.Rxd8+ Qxd8 22.Rd1 Rd7
23.Rxd7 Qxd7 24.b4 Na4 25.Qf3 Nc3 26.Qa8+ Qd8 27.Qxd8+ Bxd8 28.a3 Be7 29.Kf1 Nb1
30.Bc1 a5 31.c5 axb4 32.c6 Bd6 33.axb4 Nc3 34.Bd2 Nb5 35.Ke2 Kf8 36.Kd3 Bc7
37.Bc1 Ke7 38.Bb2 f6 39.Kc4 Nd6+ 40.Kb3 Bd8 41.Bf3 Bc7 42.Be2 Kf7 43.Bd3 h6
44.Bc1 g5 45.Kc3 Ke7 46.Kd4 Nc8 47.f4 gxf4 48.gxf4 f5 49.Ke3 Kf7 50.b5 Ne7
51.Bc4 Ng6 52.Kf3 Kf6 53.Bb3 h5 54.Be3 h4 55.Bd1 Kf7 56.Be2 Kf6 57.h3 Kf7
58.Bf1 Kf6  1/2-1/2

[Event "ch-ROM Women"]
[Site "Baile Tusnad ROM"]
[Date "2001.02.09"]
[Round "3"]
[White "Marin,L"]
[Black "Gheorhe,C"]
[Result "0-1"]
[WhiteElo "2196"]
[BlackElo "2121"]

1.Nf3 d5 2.g3 Nf6 3.Bg2 c6 4.O-O Bg4 5.d3 Nbd7 6.Nbd2 e5 7.e4 dxe4 8.dxe4 Be7
9.h3 Bh5 10.Qe2 O-O 11.b3 Qc7 12.Bb2 Rfe8 13.Rfd1 Rad8 14.a4 Bc5 15.Nc4 Bd4
16.c3 Bc5 17.b4 Bf8 18.g4 Bg6 19.Nh4 Be7 20.Nxg6 hxg6 21.Ne3 Nf8 22.Qc4 Ne6
23.b5 Qb6 24.Rdb1 Bc5 25.Bc1 Nf4 26.a5 Qc7 27.Qxc5 Nxg2 28.Kxg2 Nxe4 29.Qb4 Nd6
30.b6 axb6 31.axb6 Qe7 32.Nc4 Qe6 33.Nxd6 Rxd6 34.Qb3 Qf6 35.g5 Qf5 36.Qb4 Rd1
37.Qg4 Qd3 38.Kh2 e4 39.Rb4 Rf1 40.Rb2 Qxc3 41.Qd7 Qf3 42.Qxe8+ Kh7  0-1

[Event "ch-ROM Women"]
[Site "Baile Tusnad ROM"]
[Date "2001.02.09"]
[Round "3"]
[White "Apostoaie,Li"]
[Black "Ionescu Brandis,I"]
[Result "0-1"]
[WhiteElo "2180"]
[BlackElo "2330"]

1.Nf3 d5 2.g3 c6 3.Bg2 Bg4 4.c4 e6 5.cxd5 Bxf3 6.Bxf3 cxd5 7.O-O Nf6 8.Nc3 Nc6
9.d3 Be7 10.Bf4 O-O 11.Qa4 a6 12.Rfc1 h6 13.Rab1 b5 14.Qd1 Rc8 15.a3 Qb6
16.b4 Rfd8 17.Bg2 Ng4 18.Qf1 f5 19.e4 fxe4 20.Bh3 h5 21.Bxg4 hxg4 22.Qe2 Bf6
23.Qxg4 Ne5 24.Bxe5 Bxe5 25.Ne2 exd3 26.Nf4 Bxf4 27.gxf4 Rc2 28.Rf1 Re2 29.Rbe1 Re4
30.Qg6 Qd4 31.Kh1 Qf6 32.Qg3 d2 33.Rd1 Qxf4 34.Qxf4 Rxf4 35.Rxd2 Rf3 36.Re1 Kf7
37.Re3 Rxe3 38.fxe3 Rc8 39.Rf2+ Ke7 40.Kg2 Rc3 41.Ra2 Rxe3 42.Kf2 Rh3 43.Ke1 d4
44.Kd1 Kd6 45.Rg2 Kd5 46.Rxg7 Rxh2  0-1

[Event "ch-Pol u20"]
[Site "Brzeg Dolny POL"]
[Date "2001.02.09"]
[Round "3"]
[White "Lagowski,P"]
[Black "Tomczak,Raf"]
[Result "1/2-1/2"]
[WhiteElo "2301"]
[BlackElo "2314"]

1.Nf3 d5 2.g3 Nf6 3.Bg2 c6 4.O-O Bf5 5.d3 e6 6.b3 h6 7.Bb2 Be7 8.Nbd2 O-O
9.Re1 Bh7 10.e4 a5 11.Qe2 Bc5 12.e5 Nfd7 13.a3 Na6 14.Nf1 b5 15.h4 Be7 16.Ne3 Rb8
17.Rad1 c5  1/2-1/2

[Event "12th Goodricke Open"]
[Site "Calcutta IND"]
[Date "2001.02.10"]
[Round "5"]
[White "Markowski,T"]
[Black "Sharma,D"]
[Result "1/2-1/2"]
[WhiteElo "2595"]
[BlackElo "2353"]

1.g3 d5 2.Nf3 c6 3.Bg2 Bg4 4.d3 Nf6 5.O-O Nbd7 6.c4 e6 7.cxd5 exd5 8.Nc3 Bc5
9.Qb3 Qc8 10.Bf4 O-O 11.Rac1 Re8 12.Rfe1 Bf8 13.Qc2 Nc5 14.Be3 Ne6 15.Nd4 Nxd4
16.Bxd4 Nd7 17.Qa4 Nb8 18.Qa5 Qd8 19.b4 Nd7 20.Qa4 Be6 21.a3 a5 22.Qb3 axb4
23.axb4 b6 24.Na4 Rc8 25.Rc2 c5 26.Rec1 Rb8 27.Ba1  1/2-1/2

[Event "TCh-FIN 00-01"]
[Site "FIN"]
[Date "2001.02.10"]
[Round "7"]
[White "Holmsten,A"]
[Black "Kokkila,T"]
[Result "1/2-1/2"]
[WhiteElo "2435"]
[BlackElo "2296"]

1.Nf3 d5 2.g3 Nf6 3.Bg2 e6 4.O-O Be7 5.b3 O-O 6.Bb2 b6 7.c4 Nbd7 8.cxd5 exd5
9.Nd4 Bb7 10.Nf5 Re8 11.Nxe7+ Qxe7 12.Re1 Nc5 13.d3 Rad8 14.Nd2 Ne6 15.e3 c5
16.Qf3 Ba6 17.Bf1 d4 18.e4 Nd7 19.Qg2 g5 20.Rad1 Kh8 21.Bc1 Rg8 22.Be2 Nf4  1/2-1/2

[Event "TCh-FIN 00-01"]
[Site "FIN"]
[Date "2001.02.10"]
[Round "7"]
[White "Hakulinen,E"]
[Black "Lampen,T"]
[Result "0-1"]
[WhiteElo "2339"]
[BlackElo "2322"]

1.Nf3 d5 2.g3 Nf6 3.Bg2 c6 4.c4 e6 5.Qc2 Be7 6.d4 O-O 7.Nbd2 b6 8.O-O Bb7
9.e4 c5 10.exd5 exd5 11.dxc5 bxc5 12.cxd5 Bxd5 13.b3 Nc6 14.Bb2 Nb4 15.Qb1 h6
16.Rd1 Qc7 17.a3 Nc6 18.Qc2 Qb7 19.Nc4 Rad8 20.Rac1 Kh8 21.Nh4 Bxg2 22.Nxg2 Nd4
23.Bxd4 cxd4 24.h4 Ne4 25.b4 Bf6 26.Na5 Qd5 27.Nf4 Qf5 28.Kg2 Rfe8 29.Nc6 Rc8
30.f3 Nd6 31.Qxf5 Nxf5 32.Rd3 a6 33.a4 Be5 34.Nd5 Bxg3 35.b5 axb5 36.axb5 Re2+
37.Kf1 Rf2+ 38.Kg1 Rb2 39.b6 Bf2+ 40.Kf1 Bxh4 41.Rb1 Rxb1+  0-1